| 000 | 00536nam a22001817a 4500 | ||
|---|---|---|---|
| 005 | 20251108164119.0 | ||
| 008 | 250721s9999 xx 000 0 ara d | ||
| 082 | 1 | 4 | _a218,1/حاف |
| 100 | 1 | _aإبن أبي الدنيا، الحافظ بن | |
| 245 | 1 | 0 | _aالتوكل على الله / |
| 264 | 1 |
_aالقاهرة : _bمكتبة القرآن، _c[19-]. |
|
| 300 | _a70ص | ||
| 650 | 1 | 7 | _aالإسلام |
| 650 | 1 | 7 | _aالأخلاق |
| 700 | 1 |
_aإبراهيم، مجدي السيد _eتحقيق |
|
| 942 |
_2ddc _cBK |
||
| 999 |
_c3946 _d3946 |
||